[Event "224th YMCA Winter A"]
[Site "Warsaw"]
[Date "2020.01.09"]
[Round "1"]
[White "Derylo, Kamil"]
[Black "Ossolinski, Ziemowit"]
[Result "1-0"]
[WhiteElo "2099"]
[BlackElo "1880"]
[PlyCount "33"]
[EventDate "2020.01.09"]
[EventType "tourn"]
[EventRounds "1"]
[EventCountry "POL"]
[SourceDate "2020.01.09"]

1. d4 Nf6 2. c4 c5 3. d5 b5 4. cxb5 a6 5. e3 axb5 6. Bxb5 Qa5+ 7. Nc3 g6 8.
Nge2 Bb7 9. O-O Bg7 10. a4 O-O 11. e4 e5 12. f4 Qb6 13. h3 exf4 14. Bxf4 Re8
15. Ng3 Ba6 16. e5 Bxb5 17. Nxb5 1-0

[Event "224th YMCA Winter A"]
[Site "Warsaw"]
[Date "2020.01.10"]
[Round "1"]
[White "Szewczyk, Mariusz"]
[Black "Liberadzki, Slawomir"]
[Result "1-0"]
[WhiteElo "2022"]
[BlackElo "1981"]
[PlyCount "63"]
[EventDate "2020.01.09"]
[EventType "tourn"]
[EventRounds "1"]
[EventCountry "POL"]
[SourceDate "2020.01.09"]

1. e4 c5 2. Nf3 e6 3. c3 Nf6 4. e5 Nd5 5. d4 cxd4 6. cxd4 d6 7. Bc4 Nc6 8. O-O
Be7 9. Qe2 O-O 10. Qe4 Ndb4 11. exd6 Qxd6 12. Nc3 Na5 13. Be2 f5 14. Qf4 Nd5
15. Nxd5 Qxd5 16. Be3 Bd6 17. Ne5 Bxe5 18. Qxe5 Nc6 19. Qf4 e5 20. dxe5 Qxe5
21. Bc4+ Kh8 22. Rad1 Re8 23. Rfe1 Qxf4 24. Bxf4 Rxe1+ 25. Rxe1 Bd7 26. Rd1 Be8
27. Be6 g6 28. b4 Kg7 29. b5 Rd8 30. Bd6 Rxd6 31. Rxd6 Nb4 32. Bc4 1-0

[Event "224th YMCA Winter A"]
[Site "Warsaw"]
[Date "2020.01.10"]
[Round "1"]
[White "Szwaj, Justyna"]
[Black "Matyszkiewicz, Wiktor"]
[Result "0-1"]
[WhiteElo "1840"]
[BlackElo "1902"]
[PlyCount "50"]
[EventDate "2020.01.09"]
[EventType "tourn"]
[EventRounds "1"]
[EventCountry "POL"]
[SourceDate "2020.01.09"]

1. e4 c5 2. Nf3 Nc6 3. Nc3 d6 4. d4 cxd4 5. Nxd4 Nf6 6. Bg5 e6 7. Qd2 a6 8.
O-O-O Bd7 9. f4 b5 10. Nxc6 Bxc6 11. e5 dxe5 12. Qe2 Qa5 13. Qxe5 Be7 14. Bd3
O-O 15. Kb1 h6 16. Bh4 Rac8 17. Ne4 Bxe4 18. Bxe4 Rc5 19. Qd4 Rc4 20. Qd3 Nxe4
21. Bxe7 Rfc8 22. Rhf1 b4 23. Rde1 b3 24. axb3 Nd2+ 25. Kc1 Nxf1 0-1

[Event "224th YMCA Winter A"]
[Site "Warsaw"]
[Date "2020.01.10"]
[Round "1"]
[White "Choroszej, Aleksander"]
[Black "Warszawski, Bartosz"]
[Result "1-0"]
[WhiteElo "2055"]
[BlackElo "2172"]
[PlyCount "85"]
[EventDate "2020.01.09"]
[EventType "tourn"]
[EventRounds "1"]
[EventCountry "POL"]
[SourceDate "2020.01.09"]

1. d4 Nf6 2. c4 e6 3. Nc3 Bb4 4. f3 d5 5. a3 Be7 6. e4 dxe4 7. fxe4 e5 8. d5
Bc5 9. Nf3 Bg4 10. h3 Bxf3 11. Qxf3 Nbd7 12. Bd2 a5 13. O-O-O O-O 14. g4 a4 15.
h4 Bd4 16. Nb5 c5 17. g5 Ne8 18. h5 Qb6 19. Bh3 Rd8 20. Rdf1 Nd6 21. Nxd6 Qxd6
22. g6 h6 23. gxf7+ Kh8 24. Be6 Qb6 25. Bc3 Nf6 26. Rh2 Rd6 27. Bxd4 cxd4 28.
Rc2 Rxe6 29. c5 Qa6 30. dxe6 Qxe6 31. Qf5 Qa2 32. Rcf2 Rxf7 33. Qxe5 d3 34.
Rxf6 Qc4+ 35. Qc3 Qxc3+ 36. bxc3 gxf6 37. Kd2 Rc7 38. Rxf6 Rxc5 39. Rxh6+ Kg7
40. Rb6 Rxh5 41. Rxb7+ Kf6 42. Kxd3 Ra5 43. Kd4 1-0

[Event "224th YMCA Winter A"]
[Site "Warsaw"]
[Date "2020.01.09"]
[Round "1"]
[White "Delega, Tomasz"]
[Black "Szwaj, Jacek"]
[Result "1-0"]
[WhiteElo "1974"]
[BlackElo "1937"]
[PlyCount "103"]
[EventDate "2020.01.09"]
[EventType "tourn"]
[EventRounds "1"]
[EventCountry "POL"]
[SourceDate "2020.01.09"]

1. e4 c5 2. Nf3 e6 3. d4 cxd4 4. Nxd4 Nf6 5. Bd3 d6 6. O-O Be7 7. Kh1 Nc6 8.
Nxc6 bxc6 9. f4 e5 10. fxe5 dxe5 11. Nd2 Bg4 12. Qe1 Nh5 13. Nc4 Qc7 14. Qc3
Bf6 15. Na5 O-O 16. Be3 Nf4 17. Rae1 Rfe8 18. Bb5 Rac8 19. Ba6 Rcd8 20. Nxc6
Rd6 21. Bb5 Bh4 22. Nxa7 Qxc3 23. bxc3 Bxe1 24. Bxe8 Bxc3 25. Nb5 Be2 26. Nxd6
Bxf1 27. Bxf4 exf4 28. Bxf7+ Kf8 29. Bc4 Bb4 30. Bxf1 Bxd6 31. Bd3 Ke7 32. Kg1
Bb4 33. Kf2 Kf6 34. Ke2 Ke5 35. Kd1 Bc3 36. a4 h6 37. Ke2 g5 38. Kf3 Ke6 39.
Kg4 Kf6 40. Kh5 Kg7 41. Be2 Kh7 42. Bg4 Kg7 43. Bf5 Kf6 44. Kxh6 Bd2 45. Kh5
Ke5 46. Kg4 Kd4 47. Bg6 Ke5 48. Kf3 Be3 49. Kg4 Bd2 50. Bh7 Kd4 51. Kf5 Ke3 52.
e5 1-0

[Event "224th YMCA Winter A"]
[Site "Warsaw"]
[Date "2020.01.10"]
[Round "1"]
[White "Malicka, Maria"]
[Black "Swierczewski, Marek"]
[Result "1-0"]
[WhiteElo "2041"]
[BlackElo "2090"]
[PlyCount "55"]
[EventDate "2020.01.09"]
[EventType "tourn"]
[EventRounds "1"]
[EventCountry "POL"]
[SourceDate "2020.01.09"]

1. e4 c5 2. Nf3 e6 3. d4 cxd4 4. Nxd4 a6 5. c4 Nf6 6. Nc3 Qc7 7. Be2 Bb4 8. O-O
Nc6 9. Bg5 Nxd4 10. Qxd4 Bc5 11. Qd2 b6 12. Bf4 e5 13. Bg5 Qc6 14. Bxf6 Qxf6
15. Nd5 Qd6 16. Rad1 Bb7 17. Qg5 O-O 18. Rd3 f6 19. Qh4 Rf7 20. Bg4 Raf8 21.
Qg3 g6 22. Rfd1 Qb8 23. h4 Bd4 24. b3 Rg7 25. Nxf6+ Kh8 26. Rf3 Qd6 27. Nd5
Bxd5 28. Rxd4 1-0

[Event "224th YMCA Winter A"]
[Site "Warsaw"]
[Date "2020.01.17"]
[Round "2"]
[White "Szwaj, Jacek"]
[Black "Malicka, Maria"]
[Result "1-0"]
[WhiteElo "1937"]
[BlackElo "2041"]
[PlyCount "187"]
[EventDate "2020.01.09"]
[EventType "tourn"]
[EventRounds "1"]
[EventCountry "POL"]
[SourceDate "2020.01.09"]

1. e4 c5 2. Nf3 d6 3. d4 cxd4 4. Nxd4 Nf6 5. Nc3 a6 6. Be2 e5 7. Nb3 Be7 8. O-O
O-O 9. Qd3 Be6 10. Nd5 Bxd5 11. exd5 Nbd7 12. c4 Ne8 13. f4 Rc8 14. f5 Bg5 15.
Be3 Bxe3+ 16. Qxe3 Nef6 17. Rac1 Re8 18. g4 h6 19. Kh1 Nh7 20. Qg3 Ndf6 21. h4
b5 22. Nd2 bxc4 23. g5 hxg5 24. hxg5 Nxd5 25. Bxc4 Rxc4 26. Rxc4 Nf4 27. g6
fxg6 28. fxg6 Nf6 29. Rcxf4 exf4 30. Qxf4 Qa8+ 31. Kg1 Qd5 32. Qc4 Qxc4 33.
Nxc4 d5 34. Nd6 Re5 35. Rf2 Kf8 36. Nf5 a5 37. Kf1 Kg8 38. Nd4 Rg5 39. Rg2 Re5
40. Rc2 Re8 41. Rc7 Rb8 42. b3 Re8 43. Nc6 Ng4 44. Ne7+ Kf8 45. Nxd5 Ne3+ 46.
Nxe3 Rxe3 47. Rf7+ Kg8 48. Ra7 Kf8 49. Rxa5 Re6 50. Rg5 Ke7 51. a4 Kf6 52. Rg3
Ke7 53. Kg2 Kd6 54. Kf3 Kc5 55. Rg4 Kb6 56. Rg5 Re1 57. Kf2 Re6 58. Rb5+ Ka6
59. Rg5 Rb6 60. Rg3 Ka5 61. Ke2 Kb4 62. Kd2 Rc6 63. Ke2 Rd6 64. Kf2 Re6 65. Kg2
Rd6 66. Kh3 Rc6 67. Kh4 Rd6 68. Kg5 Rc6 69. Kf5 Rf6+ 70. Kg5 Rf1 71. Kg4 Rf6
72. Kh5 Rf1 73. Re3 Rh1+ 74. Kg4 Rg1+ 75. Kf5 Rf1+ 76. Kg4 Rg1+ 77. Kf5 Rf1+
78. Ke5 Rg1 79. Re4+ Kxb3 80. Kf5 Rf1+ 81. Rf4 Re1 82. a5 Re7 83. Re4 Ra7 84.
Re5 Kb4 85. Ke6 Kc4 86. Rd5 Ra6+ 87. Rd6 Rxa5 88. Rd7 Rg5 89. Kf7 Kc5 90. Kxg7
Kc6 91. Rd2 Rg1 92. Kf7 Rf1+ 93. Kg8 Rg1 94. g7 1-0

[Event "224th YMCA Winter A"]
[Site "Warsaw"]
[Date "2020.01.15"]
[Round "2"]
[White "Warszawski, Bartosz"]
[Black "Delega, Tomasz"]
[Result "1-0"]
[WhiteElo "2172"]
[BlackElo "1974"]
[PlyCount "71"]
[EventDate "2020.01.09"]
[EventType "tourn"]
[EventRounds "1"]
[EventCountry "POL"]
[SourceDate "2020.01.09"]

1. e4 d6 2. d4 Nf6 3. Nc3 c6 4. Nf3 Bg4 5. h3 Bh5 6. Bd3 e6 7. Bg5 Be7 8. Qd2
d5 9. exd5 Bxf3 10. gxf3 Nxd5 11. Rg1 Nxc3 12. bxc3 Bxg5 13. Rxg5 g6 14. Qf4
Nd7 15. Rb1 Rb8 16. Kd2 Qf6 17. Qxf6 Nxf6 18. Ra5 O-O 19. Rxa7 b5 20. Ra6 Rfc8
21. c4 bxc4 22. Rxb8 Rxb8 23. Bxc4 Rc8 24. a4 Kf8 25. a5 Nd7 26. Ra7 Ke7 27.
Rb7 Kd6 28. a6 f6 29. a7 Ra8 30. c3 e5 31. Kc2 exd4 32. cxd4 f5 33. Kb3 Re8 34.
Kb4 c5+ 35. dxc5+ Kc6 36. Rxd7 1-0

[Event "224th YMCA Winter A"]
[Site "Warsaw"]
[Date "2020.01.17"]
[Round "2"]
[White "Matyszkiewicz, Wiktor"]
[Black "Choroszej, Aleksander"]
[Result "0-1"]
[WhiteElo "1902"]
[BlackElo "2055"]
[PlyCount "44"]
[EventDate "2020.01.09"]
[EventType "tourn"]
[EventRounds "1"]
[EventCountry "POL"]
[SourceDate "2020.01.09"]

1. e4 g6 2. d4 Bg7 3. Nc3 d6 4. Be3 a6 5. Qd2 b5 6. O-O-O Bb7 7. f3 Nd7 8. h4
h5 9. Nh3 c6 10. Ng5 Qc7 11. g3 Ngf6 12. Bh3 Nb6 13. b3 a5 14. Ne2 O-O 15. g4
c5 16. gxh5 Nxh5 17. Nf4 cxd4 18. Bf2 Nxf4 19. Qxf4 Qc3 20. h5 Be5 21. Qh4 Rac8
22. Bxc8 Rxc8 0-1

[Event "224th YMCA Winter A"]
[Site "Warsaw"]
[Date "2020.01.17"]
[Round "2"]
[White "Liberadzki, Slawomir"]
[Black "Szwaj, Justyna"]
[Result "1/2-1/2"]
[WhiteElo "1981"]
[BlackElo "1840"]
[PlyCount "185"]
[EventDate "2020.01.09"]
[EventType "tourn"]
[EventRounds "1"]
[EventCountry "POL"]
[SourceDate "2020.01.09"]

1. c4 e5 2. Nc3 Nf6 3. g3 d5 4. cxd5 Nxd5 5. Bg2 Nb6 6. d3 Be7 7. Nf3 Nc6 8. a3
O-O 9. O-O Be6 10. b4 f6 11. Be3 Nd4 12. Bxd4 exd4 13. Nb5 c5 14. bxc5 Bxc5 15.
Qc2 Qe7 16. Nbxd4 Rac8 17. Qd2 Bg4 18. e3 Rfd8 19. Rfc1 Kh8 20. Qa5 Rd5 21. Qd2
Rcd8 22. a4 Bxf3 23. Bxf3 Bxd4 24. exd4 Rxd4 25. a5 Nc4 26. Qe2 Ne5 27. Rab1
Qa3 28. Bxb7 Qxa5 29. Be4 g6 30. Rb7 R4d7 31. Rxd7 Rxd7 32. Qb2 Qb6 33. Rc8+
Kg7 34. Qa2 Nf7 35. Bd5 Qd6 36. Bc4 Re7 37. Bd5 Rd7 38. Be4 Qd4 $11 39. Qa3 Qd6
40. Qc3 Ng5 41. Qc4 Nxe4 42. Rg8+ Kh6 43. Qxe4 Qd4 44. Qf3 Rd8 45. Rxd8 Qxd8
46. Qe3+ g5 47. h4 Kg6 48. hxg5 fxg5 49. Qe4+ Kg7 50. d4 a5 51. Qe5+ Kg6 52. d5
Qf6 53. Qe8+ Kf5 54. Qd7+ Ke5 55. Qb5 Qd6 56. Qxa5 Qxd5 57. Qc7+ Kf6 58. Qxh7
Qd1+ 59. Kg2 Qd5+ 60. Kh2 Qc5 61. Qh8+ Kg6 62. Qg8+ Kf6 63. Qd8+ Kg6 64. Qd3+
Kh6 65. Qf3 Kg6 66. Kg2 Qc4 67. Qb7 Qe2 68. Qc6+ Kg7 69. Qd7+ Kg6 70. Qd6+ Kg7
71. Qd4+ Kg6 72. g4 Qc2 73. Kf3 Qb3+ 74. Ke4 Qe6+ 75. Kf3 Qb3+ 76. Qe3 Qd1+ 77.
Qe2 Qb3+ 78. Ke4 Qe6+ 79. Kd3 Qa6+ 80. Ke3 Qe6+ 81. Kf3 Qb3+ 82. Kg2 Qd5+ 83.
Qf3 Qb5 84. Qe4+ Kf6 85. Qd4+ Kg6 86. Qd6+ Kg7 87. Qe7+ Kg6 88. Qe6+ Kg7 89.
Kg3 Qd3+ 90. f3 Qd2 91. Qe5+ Kg6 92. Qf5+ Kg7 93. Qe5+ $11 1/2-1/2

[Event "224th YMCA Winter A"]
[Site "Warsaw"]
[Date "2020.01.14"]
[Round "2"]
[White "Ossolinski, Ziemowit"]
[Black "Szewczyk, Mariusz"]
[Result "0-1"]
[WhiteElo "1880"]
[BlackElo "2022"]
[PlyCount "60"]
[EventDate "2020.01.09"]
[EventType "tourn"]
[EventRounds "1"]
[EventCountry "POL"]
[SourceDate "2020.01.09"]

1. e4 e5 2. Nf3 Nc6 3. Bc4 Bc5 4. c3 Nf6 5. d3 d6 6. O-O Bg4 7. b4 Bb6 8. Be3
O-O 9. Bb3 Ne7 10. h3 Bh5 11. Bg5 Nd7 12. Nbd2 Kh8 13. Nc4 h6 14. Be3 Nf6 15.
Bc2 Qc8 16. a4 Ng6 17. a5 Bxe3 18. fxe3 Nh4 19. Ncd2 d5 20. Qe1 Nxf3+ 21. Nxf3
dxe4 22. dxe4 Qe6 23. Nd2 Rad8 24. Nb3 b6 25. Qh4 Be2 26. Nd4 exd4 27. exd4
Bxf1 28. Rxf1 c5 29. e5 Ng8 30. Bf5 Qe7 0-1

[Event "224th YMCA Winter A"]
[Site "Warsaw"]
[Date "2020.01.21"]
[Round "2"]
[White "Chalupnik, Marcin"]
[Black "Derylo, Kamil"]
[Result "1/2-1/2"]
[WhiteElo "2165"]
[BlackElo "2099"]
[PlyCount "80"]
[EventDate "2020.01.09"]
[EventType "tourn"]
[EventRounds "1"]
[EventCountry "POL"]
[SourceDate "2020.01.09"]

1. c4 Nf6 2. Nc3 e5 3. g3 d5 4. cxd5 Nxd5 5. Bg2 Nb6 6. Nf3 Nc6 7. O-O Be7 8.
d3 O-O 9. a3 Be6 10. b4 f6 11. Bb2 Qd7 12. Rc1 a5 13. b5 Na7 14. a4 c6 15. bxc6
Nxc6 16. Nb5 Rac8 17. Nd2 Rfd8 18. Ne4 Nb4 19. Rxc8 Rxc8 20. f4 N6d5 21. fxe5
Ne3 22. Qb1 Nxf1 23. Qxf1 fxe5 24. Bxe5 Nd5 25. Qa1 Bc5+ 26. Nxc5 Rxc5 27. Qd4
Rc1+ 28. Kf2 Rc2 29. Nd6 Nc3 30. Bf3 Nxe2 31. Bxe2 Bg4 32. Qd5+ Kf8 33. Qxa5
Rxe2+ 34. Kf1 Ra2 35. Qa8+ Ke7 36. Qg8 Rxa4 37. Qf7+ Kd8 38. Qf8+ Kc7 39. Qf2
Ra1+ 40. Bxa1 Qxd6 1/2-1/2

[Event "224th YMCA Winter A"]
[Site "Warsaw"]
[Date "2020.01.24"]
[Round "3"]
[White "Szewczyk, Mariusz"]
[Black "Chalupnik, Marcin"]
[Result "1/2-1/2"]
[WhiteElo "2022"]
[BlackElo "2165"]
[PlyCount "34"]
[EventDate "2020.01.09"]
[EventType "tourn"]
[EventRounds "1"]
[EventCountry "POL"]
[SourceDate "2020.01.09"]

1. e4 c5 2. Nf3 d6 3. Bb5+ Bd7 4. Bxd7+ Qxd7 5. O-O Nc6 6. c3 Nf6 7. Re1 e6 8.
d4 cxd4 9. cxd4 d5 10. e5 Ne4 11. Nbd2 Nxd2 12. Bxd2 Be7 13. Bg5 O-O 14. Rc1
Rac8 15. Bxe7 Nxe7 16. Re3 Rxc1 17. Qxc1 Rc8 $11 1/2-1/2

[Event "224th YMCA Winter A"]
[Site "Warsaw"]
[Date "2020.01.22"]
[Round "3"]
[White "Szwaj, Justyna"]
[Black "Ossolinski, Ziemowit"]
[Result "0-1"]
[WhiteElo "1840"]
[BlackElo "1880"]
[PlyCount "76"]
[EventDate "2020.01.09"]
[EventType "tourn"]
[EventRounds "1"]
[EventCountry "POL"]
[SourceDate "2020.01.09"]

1. e4 c5 2. Nf3 e6 3. d4 cxd4 4. Nxd4 a6 5. Be2 Qc7 6. O-O Nf6 7. Nc3 Be7 8. f4
d6 9. Be3 O-O 10. Qe1 b5 11. a3 Bb7 12. Bf3 Nbd7 13. Qg3 Nc5 14. e5 Nfe4 15.
Nxe4 Nxe4 16. Bxe4 Bxe4 17. f5 exf5 18. Bh6 g6 19. Bxf8 Kxf8 20. exd6 Bxd6 21.
Qh4 Kg8 22. c3 Be7 23. Qh6 Bf8 24. Qg5 Be7 25. Qe3 Bd6 26. Qh3 Rd8 27. Rad1 Bc5
28. Qe3 Bd6 29. g3 Bc5 30. Rf2 Re8 31. Rfd2 Re7 32. Qg5 Bf3 33. Rf1 Bb7 34. h4
Re4 35. Rf4 Re1+ 36. Rf1 Qc6 37. Kf2 Re8 38. Qe3 Qg2+ 0-1

[Event "224th YMCA Winter A"]
[Site "Warsaw"]
[Date "2020.01.24"]
[Round "3"]
[White "Choroszej, Aleksander"]
[Black "Liberadzki, Slawomir"]
[Result "1-0"]
[WhiteElo "2055"]
[BlackElo "1981"]
[PlyCount "59"]
[EventDate "2020.01.09"]
[EventType "tourn"]
[EventRounds "1"]
[EventCountry "POL"]
[SourceDate "2020.01.09"]

1. d4 d5 2. c4 e6 3. Nc3 Nf6 4. Nf3 c5 5. cxd5 Nxd5 6. e4 Nxc3 7. bxc3 cxd4 8.
cxd4 Nc6 9. Bc4 b5 10. Bd3 a6 11. O-O Be7 12. Bb2 O-O 13. Rc1 Bb7 14. Qe2 Re8
15. Rfd1 Qb6 16. Qd2 Rac8 17. Qf4 Bf6 18. e5 Be7 19. d5 exd5 20. Bf5 Rc7 21. e6
Bc5 22. Rxc5 fxe6 23. Bb1 e5 24. Qc1 d4 25. Be4 Rec8 26. Qc2 Nb4 27. Qb3+ Kh8
28. Rxc7 Qxc7 29. Bxb7 Qc2 30. Bxc8 1-0

[Event "224th YMCA Winter A"]
[Site "Warsaw"]
[Date "2020.01.24"]
[Round "3"]
[White "Delega, Tomasz"]
[Black "Matyszkiewicz, Wiktor"]
[Result "1-0"]
[WhiteElo "1974"]
[BlackElo "1902"]
[PlyCount "109"]
[EventDate "2020.01.09"]
[EventType "tourn"]
[EventRounds "1"]
[EventCountry "POL"]
[SourceDate "2020.01.09"]

1. e4 c5 2. Nf3 Nc6 3. Bb5 d6 4. O-O Nf6 5. Re1 e5 6. c3 Bd7 7. d4 Qc7 8. d5
Ne7 9. a4 Ng6 10. Na3 Be7 11. Qc2 O-O 12. Bxd7 Qxd7 13. Nc4 h6 14. Ne3 b5 15.
axb5 Qxb5 16. c4 Qb7 17. Nf5 Rfb8 18. Re3 Bf8 19. Rea3 Qc7 20. Bd2 Rb7 21. g3
Rab8 22. Bc3 Ne7 23. Nxe7+ Qxe7 24. Kg2 Qd7 25. Nd2 Be7 26. Qa4 Rd8 27. f3 Qxa4
28. Rxa4 Rdd7 29. f4 Ng4 30. h3 Ne3+ 31. Kf3 Nc2 32. Rc1 Nd4+ 33. Bxd4 exd4 34.
b3 Kf8 35. h4 Bf6 36. Re1 Re7 37. Ra6 Rb6 38. Ra3 d3 39. Re3 Bb2 40. Ra2 Bc1
41. Rxd3 Reb7 42. e5 Bxd2 43. Raxd2 Rxb3 44. exd6 Ke8 45. Ke4 Kd7 46. Ke5 Rb8
47. Rxb3 Rxb3 48. Ra2 Re3+ 49. Kf5 Rxg3 50. Rxa7+ Kxd6 51. Ra6+ Ke7 52. d6+ Kd7
53. Ke5 Rd3 54. Ra7+ Ke8 55. Re7+ 1-0

[Event "224th YMCA Winter A"]
[Site "Warsaw"]
[Date "2020.01.24"]
[Round "3"]
[White "Malicka, Maria"]
[Black "Warszawski, Bartosz"]
[Result "0-1"]
[WhiteElo "2041"]
[BlackElo "2172"]
[PlyCount "136"]
[EventDate "2020.01.09"]
[EventType "tourn"]
[EventRounds "1"]
[EventCountry "POL"]
[SourceDate "2020.01.09"]

1. e4 c5 2. Nf3 e6 3. d4 cxd4 4. Nxd4 Nc6 5. Nc3 Qc7 6. Be2 a6 7. O-O b5 8.
Nxc6 dxc6 9. Be3 Bb7 10. f4 Be7 11. e5 Nh6 12. Bf3 Nf5 13. Qe2 Nxe3 14. Qxe3
O-O 15. Ne4 c5 16. Rad1 Rad8 17. Kh1 Bd5 18. a3 c4 19. c3 Rd7 20. Rd2 Rfd8 21.
Rfd1 a5 22. h3 h6 23. Qe2 Qa7 24. Rd4 b4 25. axb4 axb4 26. Qd2 Kf8 27. Ng3 Bc5
28. Rxd5 exd5 29. Nf5 g6 30. cxb4 gxf5 31. bxc5 Qxc5 32. Qc2 Qb6 33. Bh5 d4 34.
Qxc4 d3 35. b4 Qd4 36. Qc6 Qxf4 37. Qf6 Qg5 38. b5 Qxf6 39. exf6 Rb7 40. Be2
Rxb5 41. Rxd3 Rxd3 42. Bxd3 Rd5 43. Bc2 f4 44. Kg1 Rd4 45. Bb3 f3 46. g4 Rd2
47. Ba4 Rg2+ 48. Kf1 Rh2 49. Bc6 Rxh3 50. Kf2 h5 51. Bxf3 hxg4 52. Bxg4 Rh6 53.
Ke3 Rxf6 54. Ke4 Ke7 55. Ke5 Ra6 56. Bf5 Ra5+ 57. Kf4 Kf6 58. Bc2 Rb5 59. Bd1
Rb4+ 60. Kf3 Ke5 61. Bc2 f5 62. Bd1 Rc4 63. Kf2 Kf4 64. Bb3 Rb4 65. Be6 Rb2+
66. Kf1 Ke3 67. Bd5 f4 68. Bc6 f3 0-1

[Event "224th YMCA Winter A"]
[Site "Warsaw"]
[Date "2020.01.15"]
[Round "3"]
[White "Swierczewski, Marek"]
[Black "Szwaj, Jacek"]
[Result "0-1"]
[WhiteElo "2090"]
[BlackElo "1937"]
[PlyCount "66"]
[EventDate "2020.01.09"]
[EventType "tourn"]
[EventRounds "1"]
[EventCountry "POL"]
[SourceDate "2020.01.09"]

1. e4 c5 2. Nf3 e6 3. c3 Nf6 4. e5 Nd5 5. d4 cxd4 6. cxd4 d6 7. Nc3 Nc6 8. Bd3
dxe5 9. dxe5 Nxc3 10. bxc3 Qa5 11. O-O Nxe5 12. Nxe5 Qxe5 13. Re1 Qa5 14. Rb1
a6 15. Be4 Bc5 16. Qf3 O-O 17. Qg3 Be7 18. Bf4 Qxa2 19. Qd3 f5 20. Bxb7 Bxb7
21. Rxb7 Bf6 22. c4 Rfd8 23. Bd6 Rac8 24. Rxe6 Qxc4 25. Qxc4 Rxc4 26. Rb1 Rc6
27. Rxf6 gxf6 28. Bf4 Ra8 29. h4 a5 30. Bh6 a4 31. Rb7 a3 32. Rg7+ Kh8 33. Rg3
Rc7 0-1

[Event "224th YMCA Winter A"]
[Site "Warsaw"]
[Date "2020.01.28"]
[Round "4"]
[White "Warszawski, Bartosz"]
[Black "Swierczewski, Marek"]
[Result "1-0"]
[WhiteElo "2172"]
[BlackElo "2090"]
[PlyCount "43"]
[EventDate "2020.01.09"]
[EventType "tourn"]
[EventRounds "1"]
[EventCountry "POL"]
[SourceDate "2020.01.09"]

1. e4 c5 2. Nf3 e6 3. d4 cxd4 4. Nxd4 a6 5. Nc3 Qc7 6. Be2 Nf6 7. O-O Nc6 8.
Be3 Bb4 9. Na4 O-O 10. c4 Bd6 11. g3 Nxe4 12. c5 Be5 13. Nxc6 Qxc6 14. f4 Bc7
15. Bf3 f5 16. Rc1 Rd8 17. a3 Qb5 18. Qc2 Nf6 19. Nc3 Qa5 20. b4 Qxa3 21. Rb1
d5 22. Bc1 1-0

[Event "224th YMCA Winter A"]
[Site "Warsaw"]
[Date "2020.01.30"]
[Round "4"]
[White "Matyszkiewicz, Wiktor"]
[Black "Malicka, Maria"]
[Result "0-1"]
[WhiteElo "1902"]
[BlackElo "2041"]
[PlyCount "120"]
[EventDate "2020.01.09"]
[EventType "tourn"]
[EventRounds "1"]
[EventCountry "POL"]
[SourceDate "2020.01.09"]

1. e4 c5 2. Nf3 d6 3. d4 cxd4 4. Nxd4 Nf6 5. Nc3 a6 6. Bg5 e6 7. f4 Nbd7 8. Qf3
Qc7 9. O-O-O b5 10. g4 b4 11. Nce2 Bb7 12. Ng3 Be7 13. Kb1 Rc8 14. Qe2 Nc5 15.
Bg2 O-O 16. Bxf6 Bxf6 17. g5 Bxd4 18. Rxd4 e5 19. Rd2 Ne6 20. Nf5 Nxf4 21. Qg4
d5 22. exd5 Bxd5 23. Bxd5 Nxd5 24. Qe4 Ne7 25. Re1 Nxf5 26. Qxf5 Rfd8 27. Rde2
g6 28. Qf6 Qd6 29. Qxd6 Rxd6 30. Kc1 Rdc6 31. Rd2 Rc5 32. Ree2 R8c7 33. h4 Kg7
34. Rd8 a5 35. Re8 f6 36. Re6 fxg5 37. hxg5 e4 38. Rg2 Rc4 39. Re5 a4 40. b3
axb3 41. axb3 Rc3 42. Kb2 e3 43. Re2 R3c5 44. Re4 Rxg5 45. Rxb4 Re5 46. Rd4 h5
47. c4 g5 48. b4 h4 49. Kb3 Kg6 50. b5 h3 51. Kb4 h2 52. Rd1 Rh7 53. Rh1 g4 54.
c5 g3 55. c6 Rhh5 56. b6 Rb5+ 57. Kc4 Rxb6 58. Rxe3 Rxc6+ 59. Kd4 Rd6+ 60. Kc4
Rg5 0-1

[Event "224th YMCA Winter A"]
[Site "Warsaw"]
[Date "2020.01.31"]
[Round "4"]
[White "Liberadzki, Slawomir"]
[Black "Delega, Tomasz"]
[Result "0-1"]
[WhiteElo "1981"]
[BlackElo "1974"]
[PlyCount "94"]
[EventDate "2020.01.09"]
[EventType "tourn"]
[EventRounds "1"]
[EventCountry "POL"]
[SourceDate "2020.01.09"]

1. e4 c6 2. d4 d6 3. g3 Nf6 4. Bg2 e5 5. Ne2 Be7 6. O-O O-O 7. a4 Nbd7 8. Nbc3
Re8 9. h3 Qa5 10. g4 b5 11. Ng3 b4 12. Nce2 d5 13. dxe5 Nxe4 14. Nxe4 dxe4 15.
e6 Nc5 16. exf7+ Kxf7 17. f3 Kg8 18. fxe4 Ba6 19. Qe1 Bf6 20. g5 Be5 21. Ra3
Bxe2 22. Rf5 Bh5 23. Kh1 Bg6 24. Rf1 Qb6 25. Re3 Nxa4 26. Qe2 Qb5 27. Qg4 Nxb2
28. h4 Bd4 29. Ree1 Nc4 30. h5 Ne5 31. Qd1 Bc3 32. hxg6 Nxg6 33. Re3 Ne5 34.
Rh3 g6 35. Bf4 Rad8 36. Qb1 Qc4 37. Rd1 Rxd1+ 38. Qxd1 Qd4 39. Qb1 c5 40. Qa2+
c4 41. Bxe5 Rxe5 42. Rd3 b3 43. Qa6 cxd3 44. Qc8+ Kf7 45. Qh8 Rxg5 46. Qxh7+
Qg7 47. Qh2 Be5 0-1

[Event "224th YMCA Winter A"]
[Site "Warsaw"]
[Date "2020.01.30"]
[Round "4"]
[White "Ossolinski, Ziemowit"]
[Black "Choroszej, Aleksander"]
[Result "0-1"]
[WhiteElo "1880"]
[BlackElo "2055"]
[PlyCount "84"]
[EventDate "2020.01.09"]
[EventType "tourn"]
[EventRounds "1"]
[EventCountry "POL"]
[SourceDate "2020.01.09"]

1. e4 g6 2. d4 Bg7 3. f4 d6 4. h3 e5 5. Nf3 exd4 6. Bc4 Ne7 7. O-O O-O 8. Nxd4
d5 9. exd5 c6 10. Nc3 b5 11. Bb3 b4 12. Nce2 Ba6 13. Re1 c5 14. Nf3 c4 15. d6
Nf5 16. Ba4 Nd7 17. g4 Bb7 18. Rf1 Qb6+ 19. Kh2 Ne3 20. Bxe3 Qxe3 21. Qd2 Qxd2
22. Nxd2 Nb6 23. Bb5 Rac8 24. a4 a6 25. a5 Nd5 26. Ba4 Bxb2 27. Rab1 Bg7 28.
Rfe1 Bc6 29. d7 Rc7 30. Bxc6 Rxc6 31. Ng3 $11 Rd6 32. Nxc4 Rxd7 33. Ne4 Nxf4
34. Rxb4 f5 35. Nb6 Re7 36. Kg3 fxe4 37. Rbxe4 Rxe4 38. Rxe4 g5 39. c4 Ng6 40.
Nd7 Rd8 41. Nc5 Be5+ 42. Kf2 Bd4+ 0-1

[Event "224th YMCA Winter A"]
[Site "Warsaw"]
[Date "2020.02.18"]
[Round "4"]
[White "Chalupnik, Marcin"]
[Black "Szwaj, Justyna"]
[Result "1-0"]
[WhiteElo "2165"]
[BlackElo "1840"]
[PlyCount "97"]
[EventDate "2020.01.09"]
[EventType "tourn"]
[EventRounds "1"]
[EventCountry "POL"]
[SourceDate "2020.01.09"]

1. c4 e5 2. Nc3 Nf6 3. g3 d5 4. cxd5 Nxd5 5. Bg2 Nb6 6. Nf3 Nc6 7. O-O Be7 8.
d3 O-O 9. a3 Be6 10. Be3 a5 11. Rc1 Nd5 12. Nxd5 Bxd5 13. Qa4 f6 14. Nd2 Bxg2
15. Kxg2 Qd5+ 16. Qe4 Rfd8 17. Rc3 a4 18. Rfc1 Ra5 19. b4 axb3 20. Rxb3 Bxa3
21. Rcc3 Bb4 22. Qxd5+ Raxd5 23. Rxc6 Bxd2 24. Rxc7 Bxe3 25. fxe3 b5 26. e4
R5d7 27. Rxd7 Rxd7 28. Rxb5 Kf7 29. Kf3 Kg6 30. h4 Kh5 31. Rd5 Re7 32. d4 g5
33. hxg5 Kxg5 34. e3 h5 35. Rd8 Kg6 36. Rh8 Rd7 37. d5 Rc7 38. Ke2 Rg7 39. Kd3
Kg5 40. Kc4 Kg4 41. d6 Kf3 42. Kd5 Kxe3 43. Rxh5 Rxg3 44. d7 Rg8 45. Rh4 Kf3
46. Rh6 f5 47. Rf6 f4 48. Kxe5 Rg5+ 49. Rf5 1-0